<?xml version="1.0" encoding="UTF-8"?>
<record
    xmlns:xsi="http://www.w3.org/2001/XMLSchema-instance"
    xsi:schemaLocation="http://www.loc.gov/MARC21/slim http://www.loc.gov/standards/marcxml/schema/MARC21slim.xsd"
    xmlns="http://www.loc.gov/MARC21/slim">

  <leader>01175nam a22001817a 4500</leader>
  <controlfield tag="008">170609b        xxu||||| |||| 00| 0 eng d</controlfield>
  <datafield tag="020" ind1=" " ind2=" ">
    <subfield code="a">9780815344537</subfield>
  </datafield>
  <datafield tag="050" ind1=" " ind2=" ">
    <subfield code="a">QH581.2.M64</subfield>
  </datafield>
  <datafield tag="100" ind1=" " ind2=" ">
    <subfield code="a">Wilson, John.</subfield>
  </datafield>
  <datafield tag="245" ind1=" " ind2=" ">
    <subfield code="a">Molecular biology of the cell: the problems book. /</subfield>
    <subfield code="c">John Wilson and Tim Hunt.</subfield>
  </datafield>
  <datafield tag="250" ind1=" " ind2=" ">
    <subfield code="a">6th ed.</subfield>
  </datafield>
  <datafield tag="260" ind1=" " ind2=" ">
    <subfield code="a">New York:</subfield>
    <subfield code="b">Garland Science,</subfield>
    <subfield code="c">2015.</subfield>
  </datafield>
  <datafield tag="300" ind1=" " ind2=" ">
    <subfield code="a">xvi, 966p.:</subfield>
    <subfield code="b">ill.;</subfield>
    <subfield code="c">28cm.</subfield>
  </datafield>
  <datafield tag="500" ind1=" " ind2=" ">
    <subfield code="a">Includes index.</subfield>
  </datafield>
  <datafield tag="505" ind1=" " ind2=" ">
    <subfield code="a">Contents: Cells and genomes -- Cell chemistry and bioenergetics -- Proteins -- DNA, chromosomes, and genomes -- DNA replication, repair, and recombination -- How cells read the genome: from DNA to protein -- Control of gene expression -- Analyzing cells, molecules, and systems -- Visualizing cells -- Membrane structure -- Membrane transport of small molecules and the electrical properties of membranes -- Intracellular compartments and protein sorting -- Intracellular membrane traffic -- Energy conversion: mitochondria and chloroplasts -- Cell signaling -- The Cytoskeleton -- The Cell cycle -- Cell death -- Cell junctions and the extracellular matrix -- Cancer.</subfield>
  </datafield>
  <datafield tag="700" ind1=" " ind2=" ">
    <subfield code="a">Hunt, Tim.</subfield>
  </datafield>
  <datafield tag="942" ind1=" " ind2=" ">
    <subfield code="2">lcc</subfield>
    <subfield code="c">BK</subfield>
  </datafield>
  <datafield tag="999" ind1=" " ind2=" ">
    <subfield code="c">6378</subfield>
    <subfield code="d">13878</subfield>
  </datafield>
  <datafield tag="952" ind1=" " ind2=" ">
    <subfield code="0">0</subfield>
    <subfield code="1">0</subfield>
    <subfield code="2">lcc</subfield>
    <subfield code="4">0</subfield>
    <subfield code="7">0</subfield>
    <subfield code="a">WIUC-1</subfield>
    <subfield code="b">WIUC-1</subfield>
    <subfield code="c">NURS L.</subfield>
    <subfield code="d">2017-06-09</subfield>
    <subfield code="l">0</subfield>
    <subfield code="o">QH581.2.M64</subfield>
    <subfield code="p">NURS/336/17</subfield>
    <subfield code="r">2017-06-09 00:00:00</subfield>
    <subfield code="t">1</subfield>
    <subfield code="w">2017-06-09</subfield>
    <subfield code="y">BK</subfield>
  </datafield>
  <datafield tag="952" ind1=" " ind2=" ">
    <subfield code="0">0</subfield>
    <subfield code="1">0</subfield>
    <subfield code="2">lcc</subfield>
    <subfield code="4">0</subfield>
    <subfield code="7">0</subfield>
    <subfield code="a">WIUC-1</subfield>
    <subfield code="b">WIUC-1</subfield>
    <subfield code="c">NURS L.</subfield>
    <subfield code="d">2017-06-09</subfield>
    <subfield code="l">0</subfield>
    <subfield code="o">QH581.2.M641</subfield>
    <subfield code="p">NURS/337/17</subfield>
    <subfield code="r">2017-06-09 00:00:00</subfield>
    <subfield code="t">2</subfield>
    <subfield code="w">2017-06-09</subfield>
    <subfield code="y">BK</subfield>
  </datafield>
</record>
